[Event "Wloclawek CC Classic 22nd"]
[Site "Wloclawek"]
[Date "2019.??.??"]
[Round "5"]
[White "Pocwiardowski, Mikolaj"]
[Black "Durzynski, Jan"]
[Result "1-0"]
[WhiteElo "1600"]
[BlackElo "1001"]
[PlyCount "97"]
[EventDate "2019.04.??"]
[EventType "swiss"]
[EventRounds "7"]
[EventCountry "POL"]
[SourceTitle "EXT 2021"]
[Source "ChessBase"]
[SourceDate "2020.10.23"]
[SourceVersion "1"]
[SourceVersionDate "2020.10.23"]
[SourceQuality "1"]

1. e4 c5 2. Nf3 e6 3. d4 cxd4 4. Nxd4 a6 5. Nc3 b5 6. a3 Bb7 7. Bd3 Nf6 8. f3 Nc6 9. Nxc6 Bxc6 10. 0-0 Bc5+ 11. Kh1 0-0 12. b4 Rc8 13. bxc5 Bb7 14. Be3 d6 15. Qd2 dxc5 16. Rfd1 Qe7 17. Na2 Rfd8 18. Qa5 Rd7 19. Be2 h6 20. c4 bxc4 21. Bxc4 Rc6 22. Nc3 Kf8 23. Rxd7 Nxd7 24. Rb1 Bc8 25. Rd1 g5 26. Ne2 Ke8 27. Ng3 Rd6 28. Rxd6 Qxd6 29. Qd2 Qxd2 30. Bxd2 Ne5 31. Be2 Kd7 32. Kg1 Kc6 33. a4 Bd7 34. Bxa6 Kb6 35. Be2 Bxa4 36. Kf1 Bb5 37. Bc3 f6 38. Nh5 Nc4 39. Nxf6 Ne3+ 40. Kf2 Bxe2 41. Kxe3 Bf1 42. g4 Kb5 43. Ng8 Kc4 44. Bd2 Kb3 45. Nxh6 c4 46. Nf7 c3 47. Bxc3 Kxc3 48. Nxg5 Bc4 49. h4 1-0

[Event "Wloclawek CC Classic 22nd"]
[Site "Wloclawek"]
[Date "2019.??.??"]
[Round "3"]
[White "Sliwa, Krzysztof"]
[Black "Pocwiardowski, Mikolaj"]
[Result "1/2-1/2"]
[WhiteElo "1034"]
[BlackElo "1600"]
[PlyCount "102"]
[EventDate "2019.04.??"]
[EventType "swiss"]
[EventRounds "7"]
[EventCountry "POL"]
[SourceTitle "EXT 2021"]
[Source "ChessBase"]
[SourceDate "2020.10.23"]
[SourceVersion "1"]
[SourceVersionDate "2020.10.23"]
[SourceQuality "1"]

1. e4 c6 2. d4 d5 3. Nc3 dxe4 4. Nxe4 Bf5 5. Ng3 Bg6 6. Nf3 Nf6 7. Bd3 Bxd3 8. Qxd3 e6 9. Bf4 Nbd7 10. 0-0 Be7 11. Rfe1 0-0 12. Ng5 h6 13. Nf3 Nd5 14. Bd2 c5 15. c3 Rc8 16. Rac1 c4 17. Qc2 b5 18. b3 N7b6 19. Ne5 a5 20. Rb1 cxb3 21. axb3 Nd7 22. Nf3 Qc7 23. Ne2 Bb4 24. Qd3 Bxc3 25. Bxc3 Nxc3 26. Nxc3 Qxc3 27. Qxb5 Nf6 28. h3 Rb8 29. Qc4 Rfc8 30. Qxc3 Rxc3 31. Re3 Nd5 32. Rxc3 Nxc3 33. Rb2 Rb4 34. Rc2 Rxb3 35. Nd2 Ra3 36. Nc4 Ra1+ 37. Kh2 Nd5 38. Rb2 a4 39. Rb8+ Kh7 40. Rb7 f6 41. Ra7 Nc3 42. Ra6 Nb5 43. Rxe6 Nxd4 44. Ra6 Nb5 45. Ra5 Nc3 46. Kg3 a3 47. Rxa3 Rxa3 48. Nxa3 g5 49. h4 Kg6 50. Nc4 Nd5 51. hxg5 hxg5 1/2-1/2